[Event "GBR-ch71"]
[Site "Brighton"]
[Date "1984.08.08"]
[Round "9"]
[White "Garwell, Jane"]
[Black "Hasan, Younus"]
[Result "1/2-1/2"]
[WhiteElo "2100"]
[BlackElo "2290"]
[PlyCount "82"]
[EventDate "1984.07.30"]
[EventType "swiss"]
[EventRounds "11"]
[EventCountry "GBR"]
[SourceTitle "BritBase"]
[Source "John Saunders"]
[SourceDate "2020.09.07"]
[SourceVersion "1"]
[SourceVersionDate "2020.09.07"]
[SourceQuality "2"]

1. d4 Nf6 2. Nc3 d5 3. Bg5 g6 4. Qd2 h6 5. Bxf6 exf6 6. f3 f5 7. e4 fxe4 8.
fxe4 dxe4 9. Nxe4 Bg7 10. Nf3 O-O 11. O-O-O Nd7 12. Bd3 Nb6 13. Rhf1 Be6 14.
Qf2 Bc4 15. Ne5 Bxd3 16. Rxd3 Qd5 17. Nf6+ Bxf6 18. Qxf6 Nd7 19. Nxd7 Qxd7 20.
Rh3 Qd8 21. Qf4 h5 22. g4 hxg4 23. Qxg4 Qe7 24. Qf4 f5 25. Rg1 Rf6 26. Rhg3 Kf7
27. h4 Rh8 28. Re3 Qd6 29. Re5 Re6 30. Rge1 Rxe5 31. dxe5 Qe6 32. Qa4 a6 33.
Qa5 b6 34. Qc3 c5 35. Qd3 Rxh4 36. Qxa6 Rd4 37. Rh1 Qxe5 38. Qxb6 Rd6 39. Qb7+
Kf6 40. Qh7 Qe3+ 41. Kb1 Rd8 1/2-1/2

[Event "GBR-ch71"]
[Site "Brighton"]
[Date "1984.08.08"]
[Round "9"]
[White "Hebden, Mark L"]
[Black "Ravikumar, Vaidyanathan"]
[Result "1-0"]
[WhiteElo "2480"]
[BlackElo "2385"]
[PlyCount "71"]
[EventDate "1984.07.30"]
[EventType "swiss"]
[EventRounds "11"]
[EventCountry "GBR"]
[SourceTitle "BritBase"]
[Source "John Saunders"]
[SourceDate "2020.09.07"]
[SourceVersion "1"]
[SourceVersionDate "2020.09.07"]
[SourceQuality "2"]

1. e4 e6 2. Nc3 d5 3. d4 Bb4 4. e5 Qd7 5. Bd2 b6 6. Nf3 Nh6 7. Bxh6 gxh6 8. Qd2
Bf8 9. Ne2 Ba6 10. Ng3 Bxf1 11. Nxf1 Qa4 12. Ng3 Nd7 13. O-O O-O-O 14. b3 Qb4
15. Qf4 Qe7 16. Nh5 Qe8 17. c4 dxc4 18. bxc4 f5 19. Ng3 Rg8 20. a4 Rg4 21. Qc1
Bb4 22. h3 Rg7 23. Qxh6 Qg8 24. Kh1 Rg6 25. Qf4 Kb8 26. Ng1 a5 27. N1e2 Rf8 28.
Qe3 Be7 29. Nf4 Bg5 30. Nge2 Rh6 31. Rab1 Qg7 32. c5 Rg8 33. c6 Nf8 34. Qd3 Ka7
35. Rb5 Qe7 36. Rfb1 1-0

[Event "GBR-ch71"]
[Site "Brighton"]
[Date "1984.08.08"]
[Round "9"]
[White "Hjorth, Greg"]
[Black "Levitt, Jonathan"]
[Result "1/2-1/2"]
[WhiteElo "2440"]
[BlackElo "2370"]
[PlyCount "82"]
[EventDate "1984.07.30"]
[EventType "swiss"]
[EventRounds "11"]
[EventCountry "GBR"]
[SourceTitle "BritBase"]
[Source "John Saunders"]
[SourceDate "2020.09.07"]
[SourceVersion "1"]
[SourceVersionDate "2020.09.07"]
[SourceQuality "2"]

1. e4 c5 2. b3 e6 3. Bb2 Nc6 4. Nf3 d6 5. d4 cxd4 6. Nxd4 Nf6 7. Nxc6 bxc6 8.
e5 Ne4 9. exd6 Bxd6 10. Bd3 Qa5+ 11. Nd2 Nxd2 12. Qxd2 Bb4 13. c3 Be7 14. O-O
Ba6 15. Bxa6 Qxa6 16. c4 O-O 17. Bc3 Rfd8 18. Qb2 Bf8 19. Rad1 Qb6 20. Bd4 c5
21. Bc3 Rxd1 22. Rxd1 Rd8 23. Rxd8 Qxd8 24. Qd2 Qc7 25. Qe3 Qd7 26. Qf3 h6 27.
g3 Qc8 28. Qe4 Qa6 29. Qe2 Qb7 30. h4 Be7 31. Be5 Bf8 32. Qd3 Be7 33. h5 Qc6
34. Qe3 Bd6 35. Bc3 Qb7 36. g4 Be7 37. f3 Bg5 38. Qd3 Qc7 39. Kg2 Bh4 40. Qe2
Qg3+ 41. Kf1 Bf6 1/2-1/2

[Event "GBR-ch71"]
[Site "Brighton"]
[Date "1984.08.08"]
[Round "9"]
[White "James, Stephen C"]
[Black "Levene, Mark"]
[Result "0-1"]
[WhiteElo "2140"]
[BlackElo "2205"]
[PlyCount "62"]
[EventDate "1984.07.30"]
[EventType "swiss"]
[EventRounds "11"]
[EventCountry "GBR"]
[SourceTitle "BritBase"]
[Source "John Saunders"]
[SourceDate "2020.09.07"]
[SourceVersion "1"]
[SourceVersionDate "2020.09.07"]
[SourceQuality "2"]

1. d4 Nf6 2. c4 c5 3. d5 e6 4. Nc3 exd5 5. cxd5 d6 6. e4 g6 7. f4 Bg7 8. Bb5+
Nfd7 9. a4 O-O 10. Nf3 a6 11. Be2 Re8 12. Qc2 Nf6 13. O-O Bg4 14. h3 Bxf3 15.
Bxf3 Nbd7 16. a5 b5 17. axb6 Nxb6 18. Rd1 Nfd7 19. Be3 Nc4 20. Bf2 Qf6 21. e5
Qxf4 22. Ne2 Ne3 23. Nxf4 Nxc2 24. Rac1 Nb4 25. e6 Ne5 26. Be2 g5 27. exf7+
Nxf7 28. Ne6 Rab8 29. b3 Na2 30. Rc2 Nc3 31. Rd3 Rxb3 0-1

[Event "GBR-ch71"]
[Site "Brighton"]
[Date "1984.08.08"]
[Round "9"]
[White "King, Daniel J"]
[Black "Howell, James C"]
[Result "1/2-1/2"]
[WhiteElo "2435"]
[BlackElo "2340"]
[PlyCount "29"]
[EventDate "1984.07.30"]
[EventType "swiss"]
[EventRounds "11"]
[EventCountry "GBR"]
[SourceTitle "BritBase"]
[Source "John Saunders"]
[SourceDate "2020.09.07"]
[SourceVersion "1"]
[SourceVersionDate "2020.09.07"]
[SourceQuality "2"]

1. Nf3 Nf6 2. g3 g6 3. Bg2 Bg7 4. O-O O-O 5. d4 d6 6. Re1 Nbd7 7. e4 e5 8. Nc3
Re8 9. h3 c6 10. a4 a5 11. Be3 Qe7 12. Nd2 Ng4 13. dxe5 Nxe3 14. Rxe3 dxe5 15.
Nc4 1/2-1/2

[Event "GBR-ch71"]
[Site "Brighton"]
[Date "1984.08.08"]
[Round "9"]
[White "Kosten, Anthony C"]
[Black "Granat, Russell"]
[Result "1/2-1/2"]
[WhiteElo "2420"]
[BlackElo "2265"]
[PlyCount "97"]
[EventDate "1984.07.30"]
[EventType "swiss"]
[EventRounds "11"]
[EventCountry "GBR"]
[SourceTitle "BritBase"]
[Source "John Saunders"]
[SourceDate "2020.09.07"]
[SourceVersion "1"]
[SourceVersionDate "2020.09.07"]
[SourceQuality "2"]

1. e4 Nc6 2. Nf3 e5 3. Bb5 a6 4. Ba4 d6 5. O-O Be7 6. d4 Bd7 7. d5 Nb8 8. c4
Nf6 9. Nc3 b5 10. Bc2 bxc4 11. Nd2 O-O 12. Nxc4 c6 13. Be3 cxd5 14. Nxd5 Nxd5
15. Qxd5 Bc6 16. Qd2 Bb5 17. Bb3 Nd7 18. Rfd1 Bxc4 19. Bxc4 Nb6 20. Be2 Kh8 21.
Rac1 f5 22. Rc6 Rb8 23. exf5 d5 24. Qa5 d4 25. Qxe5 Bf6 26. Rxf6 gxf6 27. Qxd4
Qe7 28. Qc5 Qg7 29. b3 Nd7 30. Qc7 Ne5 31. Qxg7+ Kxg7 32. Rd6 a5 33. g4 a4 34.
bxa4 Rb2 35. Rd2 Rxd2 36. Bxd2 Rc8 37. Bf4 Rc2 38. Kf1 Rxa2 39. Bxe5 fxe5 40.
Bb5 Kf6 41. Be8 Ke7 42. Bc6 Kf6 43. Kg2 Rc2 44. Bb5 Rc3 45. h4 h6 46. f3 Rc2+
47. Kg3 Ra2 48. Be8 Rb2 49. Bb5 1/2-1/2

[Event "GBR-ch71"]
[Site "Brighton"]
[Date "1984.08.08"]
[Round "9"]
[White "Martin, Andrew D"]
[Black "Lawton, Geoffrey W"]
[Result "1-0"]
[WhiteElo "2445"]
[BlackElo "2385"]
[PlyCount "61"]
[EventDate "1984.07.30"]
[EventType "swiss"]
[EventRounds "11"]
[EventCountry "GBR"]
[SourceTitle "BritBase"]
[Source "John Saunders"]
[SourceDate "2020.09.07"]
[SourceVersion "1"]
[SourceVersionDate "2020.09.07"]
[SourceQuality "2"]

1. e4 d6 2. d4 Nf6 3. Nc3 g6 4. Bg5 Bg7 5. Qd2 h6 6. Bf4 g5 7. Bg3 Nh5 8. O-O-O
Nc6 9. Nge2 e6 10. Kb1 Bd7 11. d5 Ne5 12. Nd4 Ng6 13. dxe6 fxe6 14. Bc4 Nxg3
15. hxg3 Qe7 16. Ncb5 Bxb5 17. Bxb5+ c6 18. Bc4 Bxd4 19. Qxd4 b5 20. Be2 O-O-O
21. Qc3 Kb7 22. a4 a6 23. Bh5 Ne5 24. f4 Nd7 25. axb5 axb5 26. Qb4 Nb6 27. Bf3
Qf8 28. fxg5 hxg5 29. Bg4 d5 30. Qd4 dxe4 31. Rxh8 1-0

[Event "GBR-ch71"]
[Site "Brighton"]
[Date "1984.08.08"]
[Round "9"]
[White "Mithrakanth, Poorna Sharma"]
[Black "Dawson, Craig R"]
[Result "1-0"]
[WhiteElo "2365"]
[BlackElo "2300"]
[PlyCount "81"]
[EventDate "1984.07.30"]
[EventType "swiss"]
[EventRounds "11"]
[EventCountry "GBR"]
[SourceTitle "BritBase"]
[Source "John Saunders"]
[SourceDate "2020.09.07"]
[SourceVersion "1"]
[SourceVersionDate "2020.09.07"]
[SourceQuality "2"]

1. e4 e5 2. Nf3 Nc6 3. Bb5 a6 4. Ba4 d6 5. O-O Bg4 6. c3 Qf6 7. Bxc6+ bxc6 8.
d3 Ne7 9. Nbd2 Ng6 10. h3 h5 11. Re1 Bd7 12. Nc4 Nf4 13. Bxf4 Qxf4 14. d4 f6
15. Qd3 Be7 16. Rad1 Rd8 17. g3 Qh6 18. Kh2 O-O 19. Ne3 g6 20. Qxa6 f5 21. Qc4+
Kh8 22. dxe5 fxe4 23. Qxe4 d5 24. Qd3 Bxh3 25. Kxh3 Rxf3 26. Kg2 Rdf8 27. Rd2
Bc5 28. b4 Bb6 29. e6 Qg5 30. e7 Qxe7 31. Qxg6 Qf7 32. Qxf7 R8xf7 33. Nd1 R3f5
34. a4 c5 35. a5 Ba7 36. Re8+ Kg7 37. Ne3 Rf3 38. b5 c4 39. Re7 Bxe3 40. Rxf7+
Kxf7 41. Kxf3 1-0

[Event "GBR-ch71"]
[Site "Brighton"]
[Date "1984.08.08"]
[Round "9"]
[White "Morrison, Graham"]
[Black "Watts, David"]
[Result "1/2-1/2"]
[WhiteElo "2335"]
[BlackElo "2240"]
[PlyCount "55"]
[EventDate "1984.07.30"]
[EventType "swiss"]
[EventRounds "11"]
[EventCountry "GBR"]
[SourceTitle "BritBase"]
[Source "John Saunders"]
[SourceDate "2020.09.07"]
[SourceVersion "1"]
[SourceVersionDate "2020.09.07"]
[SourceQuality "2"]

1. Nf3 Nf6 2. c4 g6 3. Nc3 Bg7 4. d4 O-O 5. e4 d6 6. Be2 e5 7. O-O Nc6 8. d5
Ne7 9. Ne1 Nd7 10. f3 f5 11. g4 Nf6 12. Nd3 c6 13. Kg2 cxd5 14. cxd5 Bd7 15.
Bd2 Rc8 16. Nf2 Qc7 17. Qb3 Qb8 18. a4 b6 19. Rac1 h6 20. h4 Rc7 21. Nb5 Rxc1
22. Rxc1 Rc8 23. Rxc8+ Qxc8 24. Qc4 Ne8 25. b3 f4 26. Nd3 Bf6 27. Be1 a5 28.
Nb2 1/2-1/2

[Event "GBR-ch71"]
[Site "Brighton"]
[Date "1984.08.08"]
[Round "9"]
[White "Needham, Teresa"]
[Black "Buchanan, Walter F"]
[Result "1/2-1/2"]
[WhiteElo "2075"]
[BlackElo "2160"]
[PlyCount "81"]
[EventDate "1984.07.30"]
[EventType "swiss"]
[EventRounds "11"]
[EventCountry "GBR"]
[SourceTitle "BritBase"]
[Source "John Saunders"]
[SourceDate "2020.09.07"]
[SourceVersion "1"]
[SourceVersionDate "2020.09.07"]
[SourceQuality "2"]

1. e4 e6 2. d3 c5 3. g3 Nc6 4. Bg2 g6 5. Ne2 Bg7 6. Nbc3 Nge7 7. Be3 Nd4 8. O-O
O-O 9. f4 d6 10. g4 f5 11. g5 Rb8 12. a4 a6 13. Qb1 b5 14. axb5 axb5 15. Bxd4
cxd4 16. Nd1 Qb6 17. Nf2 Bb7 18. Qa2 Kh8 19. Qa7 Qxa7 20. Rxa7 fxe4 21. dxe4
Nc6 22. Ra3 Nb4 23. Rc1 d3 24. Nxd3 Nxd3 25. Rxd3 e5 26. fxe5 Bxe5 27. Nd4 b4
28. c3 bxc3 29. bxc3 Ba6 30. Rf3 Rfc8 31. Ne6 Rb3 32. Ra1 Bc4 33. Nf4 Rxc3 34.
Rxc3 Bxc3 35. Rd1 Be5 36. Bh3 Rb8 37. Nd5 Rb2 38. Bg2 Bb3 39. Rf1 Kg7 40. h4
Bc4 41. Rc1 1/2-1/2

[Event "GBR-ch71"]
[Site "Brighton"]
[Date "1984.08.08"]
[Round "9"]
[White "O'Hara, Michael J"]
[Black "Waddingham, Graham A"]
[Result "1-0"]
[WhiteElo "2215"]
[BlackElo "2215"]
[PlyCount "67"]
[EventDate "1984.07.30"]
[EventType "swiss"]
[EventRounds "11"]
[EventCountry "GBR"]
[SourceTitle "BritBase"]
[Source "John Saunders"]
[SourceDate "2020.09.07"]
[SourceVersion "1"]
[SourceVersionDate "2020.09.07"]
[SourceQuality "2"]

1. e4 e5 2. Nf3 Nc6 3. Bb5 a6 4. Ba4 b5 5. Bb3 Bc5 6. a4 Ba7 7. d3 Qf6 8. Nc3
Nd4 9. Nd5 Qd6 10. Nxd4 Bxd4 11. axb5 Ne7 12. O-O Nxd5 13. Bxd5 Rb8 14. bxa6 c6
15. Bc4 O-O 16. c3 Ba7 17. b4 Qc7 18. Be3 Ra8 19. Qf3 d6 20. Bxa7 Rxa7 21. Qe3
Rd8 22. Ra5 Be6 23. Bxe6 fxe6 24. Rfa1 Rb8 25. h3 h6 26. d4 exd4 27. Qxd4 e5
28. Qd3 Kh8 29. Rd1 Rd8 30. Rxe5 Qb6 31. Ra5 Rf7 32. Qd4 c5 33. Rxc5 Qxa6 34.
Rf5 1-0

[Event "GBR-ch71"]
[Site "Brighton"]
[Date "1984.08.08"]
[Round "9"]
[White "Ravisekhar, Raja"]
[Black "Hartston, William Roland"]
[Result "1-0"]
[WhiteElo "2430"]
[BlackElo "2440"]
[PlyCount "107"]
[EventDate "1984.07.30"]
[EventType "swiss"]
[EventRounds "11"]
[EventCountry "GBR"]
[SourceTitle "BritBase"]
[Source "John Saunders"]
[SourceDate "2020.09.07"]
[SourceVersion "1"]
[SourceVersionDate "2020.09.07"]
[SourceQuality "2"]

1. c4 g6 2. Nc3 Bg7 3. g3 c5 4. Bg2 Nc6 5. Nf3 d6 6. O-O Nh6 7. a3 Qd7 8. Rb1
b6 9. b4 Bb7 10. b5 Na5 11. d3 Nf5 12. Bd2 Nd4 13. e4 O-O 14. Nxd4 cxd4 15. Ne2
f5 16. Bxa5 bxa5 17. exf5 Bxg2 18. Kxg2 Rxf5 19. g4 Rf7 20. Ng3 Raf8 21. f3 Be5
22. Qe2 Qc7 23. a4 Rf4 24. Rbc1 h5 25. Ne4 e6 26. h3 hxg4 27. fxg4 Qe7 28. c5
d5 29. Nd2 Bb8 30. Rce1 Rxf1 31. Rxf1 Rxf1 32. Kxf1 e5 33. c6 Bc7 34. Qf3 Qd6
35. Ke2 Kg7 36. g5 Bb6 37. Qg4 Kf7 38. h4 Qe6 39. Qf3+ Ke7 40. h5 gxh5 41. Qxh5
e4 42. Qh7+ Ke8 43. Qh8+ Kf7 44. Qh7+ Ke8 45. Qh5+ Ke7 46. dxe4 d3+ 47. Ke1
dxe4 48. Qh7+ Kd8 49. Qxe4 Qh3 50. Nf3 Qg3+ 51. Kd2 Bc7 52. Kxd3 Bd6 53. Qf5
Ke7 54. g6 1-0

[Event "GBR-ch71"]
[Site "Brighton"]
[Date "1984.08.08"]
[Round "9"]
[White "Shaw, Robert"]
[Black "Prettejohn, Michael Hugh"]
[Result "1/2-1/2"]
[WhiteElo "2050"]
[BlackElo "2145"]
[PlyCount "74"]
[EventDate "1984.07.30"]
[EventType "swiss"]
[EventRounds "11"]
[EventCountry "GBR"]
[SourceTitle "BritBase"]
[Source "John Saunders"]
[SourceDate "2020.09.07"]
[SourceVersion "1"]
[SourceVersionDate "2020.09.07"]
[SourceQuality "2"]

1. e4 Nc6 2. d4 d5 3. exd5 Qxd5 4. Nf3 e5 5. dxe5 Qxd1+ 6. Kxd1 Bc5 7. Ke1 Bf5
8. c3 O-O-O 9. b4 Bb6 10. Bb5 f6 11. Bxc6 bxc6 12. Nbd2 Bd3 13. Nb3 fxe5 14.
Nxe5 Nf6 15. Nxc6 Rhe8+ 16. Kd1 Ne4 17. Be3 Nxc3+ 18. Ke1 Bxe3 19. fxe3 Rd6 20.
Ncd4 Nd5 21. Kd2 Bg6 22. a3 Rxe3 23. Rad1 Rf6 24. Rhf1 Rd3+ 25. Kc1 Rxd1+ 26.
Rxd1 Rf2 27. Rd2 Rf1+ 28. Rd1 Rxd1+ 29. Kxd1 Ne3+ 30. Kd2 Nxg2 31. Na5 Bf7 32.
Nf5 g6 33. Ne7+ Kb8 34. Nec6+ Ka8 35. b5 Nf4 36. Ke3 Ne6 37. Nc4 Be8 1/2-1/2

[Event "GBR-ch71"]
[Site "Brighton"]
[Date "1984.08.08"]
[Round "9"]
[White "Short, Nigel David"]
[Black "Miles, Anthony J"]
[Result "1-0"]
[WhiteElo "2510"]
[BlackElo "2565"]
[PlyCount "91"]
[EventDate "1984.07.30"]
[EventType "swiss"]
[EventRounds "11"]
[EventCountry "GBR"]
[SourceTitle "BritBase"]
[Source "John Saunders"]
[SourceDate "2020.09.07"]
[SourceVersion "1"]
[SourceVersionDate "2020.09.07"]
[SourceQuality "2"]

1. e4 c6 2. c4 d5 3. exd5 cxd5 4. cxd5 Nf6 5. Nc3 Nxd5 6. Nf3 Nc6 7. d4 Bg4 8.
Qb3 Bxf3 9. gxf3 Nb6 10. Be3 e6 11. O-O-O Be7 12. d5 exd5 13. Bxb6 axb6 $5 (
13... Qxb6 {Ribli-Miles, Indonesia 1982 (1/2-1/2)}) 14. Nxd5 O-O 15. Rg1 $1 (
15. Nf6+ Bxf6 16. Rxd8 Rfxd8 $44 {/\ Nd4,Rdc8,Rxa2,Rd2}) 15... Bf6 16. Rg4 Ra5
17. Kb1 Rc5 18. Nxb6 Nd4 19. Qb4 Rc6 20. Nc4 Qd7 21. Re4 Rfc8 22. a3 Rd8 23.
Na5 Re6 24. Bh3 Qc7 25. Rexd4 Rxd4 26. Rxd4 Bxd4 27. Bxe6 fxe6 28. Qxb7 $18 Qe5
29. Nc6 Qe1+ 30. Ka2 Bf6 31. Qb3 h5 32. Qc2 Qh1 33. a4 Qxf3 34. a5 Qd5+ 35. Ka3
Qd6+ 36. b4 Qxh2 37. a6 Qh3+ 38. Ka4 Qf1 39. a7 Qa6+ 40. Kb3 h4 41. Qc4 Qa1 42.
Qxe6+ Kh7 43. Qe4+ g6 44. Ne5 $1 Qd1+ 45. Kc4 Qf1+ 46. Nd3 1-0

[Event "GBR-ch71"]
[Site "Brighton"]
[Date "1984.08.08"]
[Round "9"]
[White "Strauss, David J"]
[Black "Plaskett, H James"]
[Result "0-1"]
[WhiteElo "2425"]
[BlackElo "2470"]
[PlyCount "82"]
[EventDate "1984.07.30"]
[EventType "swiss"]
[EventRounds "11"]
[EventCountry "GBR"]
[SourceTitle "BritBase"]
[Source "John Saunders"]
[SourceDate "2020.09.07"]
[SourceVersion "1"]
[SourceVersionDate "2020.09.07"]
[SourceQuality "2"]

1. Nf3 Nf6 2. c4 b6 3. g3 Bb7 4. Bg2 g6 5. O-O Bg7 6. d4 O-O 7. Nc3 Ne4 8. Qd3
Nxc3 9. bxc3 d6 10. e4 e5 11. Be3 f5 12. Ng5 Qd7 13. d5 f4 14. gxf4 exf4 15.
Bd4 Be5 16. Ne6 Re8 17. Bh3 Qf7 18. Kh1 Nd7 19. Rg1 c5 20. Ng5 Qe7 21. Be6+ Kg7
22. Qh3 Nf8 23. Bxe5+ dxe5 24. Rad1 Qf6 25. f3 Re7 26. Rg4 h6 27. Nf7 Rxf7 28.
Bxf7 Qxf7 29. Rgg1 Bc8 30. Qh4 Qf6 31. Qf2 Qd6 32. Qh4 Bd7 33. Rd2 Qf6 34. Qe1
Qd6 35. h4 Re8 36. Rdg2 Re7 37. h5 g5 38. Qh4 Nh7 39. a4 Kf7 40. Qe1 Be8 41.
Ra2 Qd7 0-1

[Event "GBR-ch71"]
[Site "Brighton"]
[Date "1984.08.08"]
[Round "9"]
[White "Thipsay, Praveen Mahadeo"]
[Black "Conquest, Stuart"]
[Result "1-0"]
[WhiteElo "2445"]
[BlackElo "2300"]
[PlyCount "53"]
[EventDate "1984.07.30"]
[EventType "swiss"]
[EventRounds "11"]
[EventCountry "GBR"]
[SourceTitle "BritBase"]
[Source "John Saunders"]
[SourceDate "2020.09.07"]
[SourceVersion "1"]
[SourceVersionDate "2020.09.07"]
[SourceQuality "2"]

1. e4 c5 2. Nf3 d6 3. d4 cxd4 4. Nxd4 Nf6 5. Nc3 g6 6. Be3 Bg7 7. Be2 O-O 8.
O-O Nc6 9. Nb3 Be6 10. f4 Qc8 11. Kh1 Rd8 12. Bg1 Nb4 13. Nd4 Bc4 14. f5 e5 15.
fxe6 fxe6 16. a3 Na6 17. Bf2 e5 18. Ndb5 d5 19. exd5 Bxd5 20. Nxd5 Rxd5 21. Qe1
Ne4 22. Nxa7 Nxf2+ 23. Qxf2 Qc7 24. Nb5 Qc6 25. Qf7+ Kh8 26. Bf3 Qxb5 27. Qxd5
1-0

[Event "GBR-ch71"]
[Site "Brighton"]
[Date "1984.08.08"]
[Round "9"]
[White "Thomas, Nicholas A"]
[Black "Davies, Nigel Rodney"]
[Result "0-1"]
[WhiteElo "2040"]
[BlackElo "2340"]
[PlyCount "53"]
[EventDate "1984.07.30"]
[EventType "swiss"]
[EventRounds "11"]
[EventCountry "GBR"]
[SourceTitle "BritBase"]
[Source "John Saunders"]
[SourceDate "2020.09.07"]
[SourceVersion "1"]
[SourceVersionDate "2020.09.07"]
[SourceQuality "2"]

1. e4 g6 2. d4 Bg7 3. c4 d6 4. Nc3 a6 5. f4 c6 6. a4 a5 7. Nf3 Bg4 8. Be2 Qb6
9. e5 Nh6 10. Ng5 Bxe2 11. Qxe2 Nf5 12. exd6 O-O 13. dxe7 Re8 14. O-O Rxe7 15.
Qd3 Na6 16. Kh1 Qxd4 17. Qxd4 Nxd4 18. Bd2 Nb3 19. Rad1 Rd8 20. Be1 Rxd1 21.
Nxd1 f5 22. h3 Nac5 23. Nc3 Nd3 24. Bh4 Re8 25. Nd1 Nd2 26. Rg1 Nxc4 27. Nf3
0-1

[Event "GBR-ch71"]
[Site "Brighton"]
[Date "1984.08.08"]
[Round "9"]
[White "Vaidya, Arun B"]
[Black "Giulian, Philip Maurice"]
[Result "1-0"]
[WhiteElo "2370"]
[BlackElo "2230"]
[PlyCount "89"]
[EventDate "1984.07.30"]
[EventType "swiss"]
[EventRounds "11"]
[EventCountry "GBR"]
[SourceTitle "BritBase"]
[Source "John Saunders"]
[SourceDate "2020.09.07"]
[SourceVersion "1"]
[SourceVersionDate "2020.09.07"]
[SourceQuality "2"]

1. d4 d5 2. Nf3 Nc6 3. Bf4 Bg4 4. Nbd2 e6 5. c3 Nf6 6. e3 Bd6 7. Qc2 Bf5 8. Bd3
Bxd3 9. Qxd3 O-O 10. Bg5 Be7 11. O-O-O Nd7 12. Bf4 f5 13. h4 Bd6 14. h5 Nf6 15.
Bg5 Qd7 16. Bxf6 Rxf6 17. Rdg1 Kh8 18. Rh4 Ne7 19. g4 Rff8 20. Ng5 Ng8 21. f4
Nf6 22. gxf5 exf5 23. Ndf3 Ne4 24. Rh2 Nxg5 25. Rxg5 Be7 26. Ne5 Qe6 27. Rg3
Bd6 28. Qd1 Bxe5 29. dxe5 Rfd8 30. Rd2 Rd7 31. Qa4 a6 32. Rg5 Rad8 33. Qc2 Rf8
34. Qb3 c5 35. Rg1 Rfd8 36. Rgd1 Qc6 37. Qc2 Qe6 38. c4 d4 39. exd4 cxd4 40.
Kb1 Qf7 41. h6 gxh6 42. Qd3 Rc8 43. b3 Rg8 44. Qe2 Rgd8 45. e6 1-0

[Event "GBR-ch71"]
[Site "Brighton"]
[Date "1984.08.08"]
[Round "9"]
[White "Watson, William N"]
[Black "Basman, Michael John"]
[Result "0-1"]
[WhiteElo "2450"]
[BlackElo "2390"]
[PlyCount "82"]
[EventDate "1984.07.30"]
[EventType "swiss"]
[EventRounds "11"]
[EventCountry "GBR"]
[SourceTitle "BritBase"]
[Source "John Saunders"]
[SourceDate "2020.09.07"]
[SourceVersion "1"]
[SourceVersionDate "2020.09.07"]
[SourceQuality "2"]

1. e4 c6 2. d4 d5 3. Nd2 g6 4. Ngf3 Bg7 5. Bd3 Nh6 6. O-O Nd7 7. Re1 Nf8 8.
exd5 cxd5 9. Ne5 Ne6 10. Bb5+ Kf8 11. Nb3 Nf5 12. c4 Nc7 13. g4 Nxb5 14. cxb5
f6 15. gxf5 fxe5 16. dxe5 gxf5 17. Nd4 Qb6 18. Kh1 Rg8 19. Bf4 Bh6 20. e6 Bxf4
21. Qh5 Rg6 22. Qxh7 Bxe6 23. Qxg6 Bf7 24. Ne6+ Qxe6 25. Rxe6 Bxg6 26. Rxg6 Kf7
27. Rag1 Rh8 28. R6g2 Rh3 29. Rd1 e6 30. Kg1 Rh8 31. Rd4 Bc7 32. Ra4 Bb6 33.
Kf1 Kf6 34. Ke2 e5 35. Ra3 f4 36. f3 e4 37. Rc3 d4 38. Rc4 Rh3 39. Rf2 d3+ 40.
Kf1 Bxf2 41. Kxf2 Rxf3+ 0-1

[Event "GBR-ch71"]
[Site "Brighton"]
[Date "1984.08.08"]
[Round "9"]
[White "Yeo, Michael J"]
[Black "Hawkes, Robert"]
[Result "1-0"]
[WhiteElo "2205"]
[BlackElo "2365"]
[PlyCount "71"]
[EventDate "1984.07.30"]
[EventType "swiss"]
[EventRounds "11"]
[EventCountry "GBR"]
[SourceTitle "BritBase"]
[Source "John Saunders"]
[SourceDate "2020.09.07"]
[SourceVersion "1"]
[SourceVersionDate "2020.09.07"]
[SourceQuality "2"]

1. e4 c6 2. d4 d5 3. exd5 cxd5 4. Bd3 Nf6 5. c3 g6 6. Nf3 Bg7 7. O-O O-O 8. Re1
Nc6 9. Nbd2 Qd6 10. Ne5 Nd7 11. f4 f6 12. Nxc6 bxc6 13. f5 gxf5 14. Bxf5 Nb6
15. Qh5 Bxf5 16. Qxf5 e5 17. Nf3 Rae8 18. Qh5 Qe6 19. Bf4 e4 20. Nh4 f5 21. Re3
Qf7 22. Qe2 Qf6 23. Rg3 Kh8 24. Qh5 Qf7 25. Rg5 Re6 26. Qxf7 Rxf7 27. Nxf5 Ref6
28. g4 h6 29. Rh5 Rg6 30. h3 Kh7 31. Rf1 Nd7 32. Nxg7 Rfxg7 33. Rf5 Nf6 34. Be5
Nxg4 35. hxg4 Rxg4+ 36. Kf2 1-0

[Event "GBR-ch71"]
[Site "Brighton"]
[Date "1984.08.09"]
[Round "10"]
[White "Baker, Chris W"]
[Black "Flear, Glenn C"]
[Result "1-0"]
[WhiteElo "2235"]
[BlackElo "2455"]
[PlyCount "127"]
[EventDate "1984.07.30"]
[EventType "swiss"]
[EventRounds "11"]
[EventCountry "GBR"]
[SourceTitle "BritBase"]
[Source "John Saunders"]
[SourceDate "2020.09.07"]
[SourceVersion "1"]
[SourceVersionDate "2020.09.07"]
[SourceQuality "2"]

1. c4 f5 2. d4 Nf6 3. Nc3 e6 4. g3 Bb4 5. Bd2 O-O 6. Bg2 d6 7. Nf3 Qe7 8. O-O
Nbd7 9. Nb5 Bxd2 10. Nxc7 Bh6 11. Nxa8 Nb8 12. c5 Na6 13. Qb3 Ne4 14. Rad1 dxc5
15. e3 c4 16. Qxc4 Bd7 17. Ne5 Rxa8 18. Nxd7 Qxd7 19. Bxe4 fxe4 20. d5 exd5 21.
Rxd5 Qf7 22. Rc1 g6 23. Rd7 Qxc4 24. Rxc4 Bf8 25. Rxb7 Nc5 26. Rb5 Nd3 27. Rxe4
Rc8 28. Rd4 Rc1+ 29. Kg2 Ne1+ 30. Kh3 Rc2 31. Rd1 Re2 32. Rb7 h5 33. g4 Nf3 34.
gxh5 gxh5 35. Kg3 Nd2 36. Rd7 h4+ 37. Kxh4 Ne4 38. Rg1+ Kh8 39. Rg2 Bc5 40. Rf7
Bxe3 41. Kg4 Rxb2 42. Rf5 Bh6 43. Re5 Nf6+ 44. Kf5 Ng8 45. a4 Bg7 46. Rb5 Rc2
47. Rb7 Bd4 48. Ke4 Rd2 49. a5 Nf6+ 50. Kf5 Ra2 51. Kg6 Rxa5 52. Rb8+ Ng8 53.
Kf7 Rf5+ 54. Ke6 Rxf2 55. Rbxg8+ Kh7 56. Rxf2 Kxg8 57. Rf7 a5 58. Rb7 Bc5 59.
h4 a4 60. Kf6 a3 61. Kg6 Kf8 62. Rb5 Bd4 63. Ra5 Bb2 64. Ra7 1-0

[Event "GBR-ch71"]
[Site "Brighton"]
[Date "1984.08.09"]
[Round "10"]
[White "Botterill, George Steven"]
[Black "Gallagher, Joseph G"]
[Result "0-1"]
[WhiteElo "2430"]
[BlackElo "2295"]
[PlyCount "80"]
[EventDate "1984.07.30"]
[EventType "swiss"]
[EventRounds "11"]
[EventCountry "GBR"]
[SourceTitle "BritBase"]
[Source "John Saunders"]
[SourceDate "2020.09.07"]
[SourceVersion "1"]
[SourceVersionDate "2020.09.07"]
[SourceQuality "2"]

1. d4 Nf6 2. c4 e6 3. Nc3 c5 4. d5 exd5 5. cxd5 d6 6. Nf3 g6 7. Nd2 Nbd7 8. e4
Bg7 9. Be2 O-O 10. O-O Re8 11. Re1 g5 12. Qc2 Ne5 13. Nf1 h6 14. Ng3 a6 15. a4
b6 16. b3 Ng6 17. Bb2 Nf4 18. Bc4 Rb8 19. Rad1 Ng4 20. h3 Ne5 21. Bf1 g4 22.
Bc1 Qf6 23. Nf5 Nxh3+ 24. Kh1 Bxf5 25. exf5 Ng5 26. Re3 Ngf3 27. gxf3 Qh4+ 28.
Kg2 Nxf3 29. Rxf3 gxf3+ 30. Kxf3 Qh5+ 31. Kg2 Qg4+ 32. Kh1 Qf3+ 33. Bg2 Qh5+
34. Kg1 Bxc3 35. Bxh6 Bd4 36. Bf4 Re2 37. Qd3 Rxf2 38. Qg3+ Kh7 39. Rxd4 Rxg2+
40. Kxg2 Rg8 0-1